LEADER 01469nam0 22003011i 450 001 UON00016086 005 20231205101956.153 100 $a20020107d1967 |0itac50 ba 101 $afre 102 $aFR 105 $a|||| 1|||| 200 1 $aˆLa ‰géographie humaine du monde musulman jusq'au milieu du 11e siècle$egéographie et géographie humaine dans la litterature arabe des origines à 1050$fAndré Miquel 210 $aParis$cMouton$d1967 215 $axlix, 420 p.$d24 cm 410 1$1001UON00066392$12001 $aCivilisations et Sociétés$v07 606 $aGeografia araba$3UONC006163$2FI 606 $aIslam$xGeografia umana$3UONC007688$2FI 606 $aPAESI ARABI$xGeografia$3UONC011058$2FI 620 $aFR$dParis$3UONL002984 686 $aARA VIII A$cPAESI ARABI - GEOGRAFIA E VIAGGI - GEOGRAFIA$2A 700 1$aMIQUEL$bAndré$3UONV043848$0386588 712 $aMouton & Co.$3UONV246360$4650 801 $aIT$bSOL$c20251212$gRICA 912 $aUON00016086 950 $aSIBA - SISTEMA BIBLIOTECARIO DI ATENEO E ARCHIVIO STORICO$dSI ARA VIII A 028 $eSI G 1833 7 028 950 $aSIBA - SISTEMA BIBLIOTECARIO DI ATENEO E ARCHIVIO STORICO$dSI ARA VIII A 028 DISPERSO $eSI AR 2193 7 028 DISPERSO 996 $aGéographie humaine du monde musulman jusq'au milieu du 11e siècle$91195797 997 $aUNIOR